| Поле | Инд. | ПП | Название | Значение |
|---|---|---|---|---|
| Тип записи | a | |||
| Библиографический уровень | b | |||
| 001 | Контрольный номер | RU/IS/BASE/377111317 | ||
| 005 | Дата корректировки | 20220128102639.9 | ||
| 008 | Кодируемые данные | 20111213 | ||
| 040 | b | Код языка каталог. | rus | |
| e | Правила каталог. | PSBO | ||
| 041 | 0_ | a | Код языка текста | rus |
| 084 | a | Индекс другой классификации/Индекс ББК | 60.74(2Рос) | |
| 100 | 1_ | a | Автор | Галецкая Р. А. |
| q | Полное имя | Галецкая Раиса Анатольевна | ||
| 100 | 1_ | a | Автор | Галецкая О. Ю. |
| q | Полное имя | Галецкая Оксана Юрьевна | ||
| 245 | 10 | a | Заглавие | Задачи демографической политики и усиления социальной поддержки населения |
| 520 | 0_ | a | Аннотация | Эти задачи обсуждались 19 - 20 апреля 2011 в Москве на научно-практической конференции "Демографическое развитие России: задачи демографической политики и усиления социальной поддержки населения". |
| 650 | 04 | a | Основная рубрика | демографическая политика |
| a | Основная рубрика | демография | ||
| 653 | 0_ | a | Ключевые слова | депопуляция населения |
| a | Ключевые слова | диспансеризация | ||
| a | Ключевые слова | здоровый образ жизни | ||
| a | Ключевые слова | здоровье детей | ||
| a | Ключевые слова | здоровье населения | ||
| a | Ключевые слова | иностранная рабочая сила | ||
| a | Ключевые слова | Концепция демографической политики России до 2025 | ||
| a | Ключевые слова | культура питания | ||
| a | Ключевые слова | миграция населения | ||
| a | Ключевые слова | народонаселение | ||
| a | Ключевые слова | плотность населения | ||
| a | Ключевые слова | регионы России | ||
| a | Ключевые слова | рождаемость | ||
| a | Ключевые слова | Россия | ||
| a | Ключевые слова | рынок труда | ||
| a | Ключевые слова | смертность | ||
| a | Ключевые слова | социальная поддержка семьи | ||
| a | Ключевые слова | социально-экономическое развитие | ||
| a | Ключевые слова | социальные пособия | ||
| a | Ключевые слова | трудовая миграция (миграция рабочей силы) | ||
| a | Ключевые слова | трудовые ресурсы | ||
| a | Ключевые слова | численность населения | ||
| a | Ключевые слова | экономическая миграция | ||
| 773 | 0_ | t | Заглавие источника | Народонаселение |
| d | Дата издания источника | 2011 | ||
| g | Прочая информация | № 3. - С. 105 - 115 | ||
| w | Контрольный № источника | RU/IS/BASE/373121050 | ||
| 901 | t | Тип документа | b |